| 000 | 00371nam a2200145Ia 4500 | ||
|---|---|---|---|
| 008 | 230312s9999||||xx |||||||||||||| ||und|| | ||
| 020 | _a81-203-3020-7 | ||
| 082 |
_a621.382 _bSTR-S |
||
| 100 | _aStreetman;Ben.G | ||
| 245 | 0 | _aSolidState Electronic Devices | |
| 260 |
_bPHI _aIndia _c2013 |
||
| 300 | _a581 | ||
| 650 |
_aEngineering _vElectrical Engineering |
||
| 942 | _cBK | ||
| 999 |
_c10633 _d10633 |
||